000
00263nam a22001097a 4500
008
170116b xxu||||| |||| 00| 0 eng d
020
_a
9780132431453
041
_a
eng
080
_a
618.2
245
_a
ADMINISTRATIVE MEDICAL ASSISTING
_c
MALONE, CH
942
_2
udc
_c
BK
999
_c
2928
_d
2928